COMPRENDRE LES GROUPES D'ADOLESCENTS : UNE CLE POUR L'EDUCATION ET POUR LA SOCIETE /
INDICE
Guardado en:
| Otros autores: | |
|---|---|
| Formato: | Libro |
| Colección: | CAHIERS D'EDUCATEURS ;
7 |
| Temas: | |
| Etiquetas: |
Sin etiquetas, Sé el primero en etiquetar este registro!
|
MARC
| LEADER | 00000nam^a2200000^a^4500 | ||
|---|---|---|---|
| 001 | 000237275 | ||
| 005 | 20250521000000.0 | ||
| 009 | 20260310104928.7 | ||
| 035 | |a 060070 | ||
| 037 | |a Acervo Xavier Clavigero | ||
| 082 | |a 305. 235 |b COM | ||
| 245 | 1 | 0 | |a COMPRENDRE LES GROUPES D'ADOLESCENTS : |b UNE CLE POUR L'EDUCATION ET POUR LA SOCIETE / |c JEAN-PIERRE BAGOT |
| 264 | |a PARIS : |b FLEURUS, |c 1967 | ||
| 300 | |a 158 p. | ||
| 336 | |a texto |b txt |2 rdacontenido | ||
| 337 | |a sin mediación |b n |2 rdamedio | ||
| 338 | |a volumen |b nc |2 rdasoporte | ||
| 440 | |a CAHIERS D'EDUCATEURS ; |v 7 | ||
| 520 | |a INDICE | ||
| 649 | |a XX | ||
| 650 | |a JUVENTUD. | ||
| 650 | |a Adolescentes | ||
| 700 | |a Bagot, Jean-Pierre |e (autor) | ||
| 910 | |a Fondo General | ||
| 920 | |a Impresos - Libros | ||
| 930 | |a Colección General | ||
| 905 | |a 101 | ||
| 901 | |a 060070 |b IT1 |c ACC |i 060070 |u 20250521 | ||
| 902 | |a https://opac.biblio.iteso.mx/vufind/Record/000237275 | ||